The human boy again. (Record no. 87050)
[ view plain ]
| 000 -LEADER | |
|---|---|
| fixed length control field | 00642cam5a220020500 4500 |
| 001 - CONTROL NUMBER | |
| control field | tmp15830022 |
| 003 - CONTROL NUMBER IDENTIFIER | |
| control field | UPRA |
| 005 - DATE AND TIME OF LATEST TRANSACTION | |
| control field | 20190816102639.0 |
| 008 - FIXED-LENGTH DATA ELEMENTS--GENERAL INFORMATION | |
| fixed length control field | 951104s1908 gw eng u |
| 035 ## - SYSTEM CONTROL NUMBER | |
| System control number | (Sirsi) r47548 |
| 035 ## - SYSTEM CONTROL NUMBER | |
| System control number | (UPRA)tmp15830022 |
| 040 ## - CATALOGING SOURCE | |
| Transcribing agency | UPRA |
| 100 1# - MAIN ENTRY--PERSONAL NAME | |
| Personal name | Phillpotts, Eden, 1862-1960. |
| Dates associated with a name | Phillpotts, Eden, 1862-1960. |
| Linkage | A5630.1 |
| 245 14 - TITLE STATEMENT | |
| Title | The human boy again. |
| 260 ## - PUBLICATION, DISTRIBUTION, ETC. | |
| Place of publication, distribution, etc. | Leipzig : |
| Name of publisher, distributor, etc. | Tauchnitz, |
| Date of publication, distribution, etc. | 1908. |
| 490 1# - SERIES STATEMENT | |
| Series statement | Collection of British authors ; |
| Volume/sequential designation | v. 4040 |
| 830 #0 - SERIES ADDED ENTRY--UNIFORM TITLE | |
| Uniform title | Collection of British and American authors ; |
| Volume/sequential designation | v. 4040 |
| Linkage | S2291.1 |
| 949 ## - LOCAL PROCESSING INFORMATION (OCLC) | |
| a | PR5177 |
| w | lcc |
| i | -59172 |
| m | MAIN |
| t | BOOK |
| l | ON-SHELF |
No items available.